Most Streamed Denzel Curry Songs - Statistics

General Stats
  • This quiz has been taken 79 times
    27 since last reset
  • The average score is 8 of 20
Answer Stats
# Streams Answer % Correct
17 52,500,032 ULT
100%
1 236,836,883 Ultimate
100%
6 147,319,863 Walkin
86%
2 228,316,456 CLOUT COBAIN | CLOUT CO13A1N
82%
8 81,139,365 BLACK BALLOONS | 13LACK 13ALLOONZ
73%
20 46,697,688 X-Wing
68%
5 147,932,419 RICKY
45%
12 66,171,786 SPEEDBOAT
36%
11 69,373,810 This Life
36%
15 57,358,521 SUMO | ZUMO
27%
19 49,786,377 WISH
27%
13 61,113,164 Bruuuh - Remix
18%
10 71,998,838 HOT ONE
18%
3 165,364,148 Dynasties & Dystopia
14%
4 160,838,943 Tokyo Drifting
14%
18 50,634,055 GOATED.
9%
14 59,974,558 Chill Bill REMIX
5%
16 52,890,353 DRAINO
5%
9 80,451,560 ONCE UPON A TIME (FREESTYLE)
5%
7 121,483,256 Elevate
0%
No matching quizzes found
Score Distribution
Percent of People with Each Score
Percentile by Number Answered
Your Score History
You have not taken this quiz since the last reset